| 000 | 00000nam##2200000za#4500 |
| 001 | 9.580764 |
| 003 | CaOODSP |
| 005 | 20210624191209 |
| 007 | cr ||||||||||| |
| 008 | 150406|1999||||xxc|||||o f|0| 0 eng|d |
| 040 | |aCaOODSP|beng |
| 043 | |an-cn--- |
| 086 | 1 |aNH18-22/99-115E-PDF |
| 110 | 2 |aCanada Mortgage and Housing Corporation. |
| 245 | 10|aWater quality guideline and water monitoring tools for residential water reuse systems |h[electronic resource] |
| 260 | |aOttawa - Ontario : |bCanada Mortgage and Housing Corporation |c[1999]. |
| 300 | |a4p.|bfig., tables |
| 490 | 1 |aResearch and development highlights; technical series |v99-115 |
| 500 | |aFile reproduced from original print. |
| 590 | |a14-16-Supp|b2014-09-25 |
| 775 | 08|tLigne directrice sur la qualité de l'eau et outils de contrôle de l'eau pour les systèmes résidentiels de réutilisation de l'eau / |w(CaOODSP)9.607707 |
| 776 | 0#|tWater quality guideline and water monitoring tools for residential water reuse systems |w(CaOODSP)9.615668 |
| 830 | #0|aResearch and development highlights; technical series ;|v99-115|w(CaOODSP)9.504481 |
| 856 | 40|ahttp://publications.gc.ca|qPDF|s174 KB|uhttps://publications.gc.ca/collections/collection_2014/schl-cmhc/NH18-22-99-115-eng.pdf|y99-115 |